Music Quiz

Random Music or Kpop Quiz

Super Junior Stage Names Quiz Stats

 Plays Quiz not verified by Sporcle

Score 0/6 Timer 05:00
0 Plays Today
% Correct
Shin Dong-hee
93%
Han Geng
92.2%
Lee Hyuk-jae
89.4%
Park Jeong-su
83.1%
Kim Jong-woon
77.4%
Kim Young-woon
75.1%

You're not logged in!

Compare scores with friends on all Sporcle quizzes.
OR
Log In

You Might Also Like...

Show Comments

Extras

Top Quizzes Today


Score Distribution

Your Account Isn't Verified!

In order to create a playlist on Sporcle, you need to verify the email address you used during registration. Go to your Sporcle Settings to finish the process.

Report this User

Report this user for behavior that violates our Community Guidelines.

Details: